zpět

Detail výsledku týmu

Záložna ST, Pardubice

Datum a čas kvízu

26 Celkem bodů Celkový počet nahraných bodů na tomto kvízu bez doplňovacích otázek.
9. Pořadí na kvízu Konečné umístění týmu na tomto kvízu.

Zaznamenané odpovědi

# Otázka Odpověď Body Výsledky
1. Jak se jmenuje kandidát na úst... Pavel Simon 0
2. Paprička jisté odrůdy existuje... Pepper X 0
3. Ve čtvrtek koncertoval v pražs... Louis Tomlinson, One Direction 0.5
4. Německý národní dopravce Deuts... Arriva 1
5. Ve čtvrtek na tenisovém turnaj... zahrál úder opačnou rukou 0
6. V tomto tématu zabrousíme do č... Jana Nerudu 1
7. Drama Nabarvené ptáče z roku 2... Václav Marhoul 1
8. V srpnu 2023 přišel do kin fil... Nikdy neříkej nikdy 1
9. Autorská dvojice Ladislav Pech... Dobří holubi se vracejí 0
10. Ptakopysk sice není pták, ale... Nejistá sezona 0